[Event "Budapest Spring op 05th"]
[Site "Budapest"]
[Date "1989.??.??"]
[Round "?"]
[White "Sveshnikov, Evgeny"]
[Black "Zeitlein, Michael"]
[Result "0-1"]
[WhiteElo "2435"]
[BlackElo "2460"]
[PlyCount "122"]
[EventDate "1989.03.18"]
[EventType "swiss"]
[EventRounds "9"]
[EventCountry "HUN"]
[SourceTitle "TD"]
[Source "ChessBase"]
[SourceDate "1994.03.01"]
[SourceVersion "1"]
[SourceVersionDate "1994.03.01"]
[SourceQuality "1"]

1. e4 e5 2. Nf3 Nc6 3. d4 exd4 4. Nxd4 Bc5 5. Be3 Bb6 6. Nc3 d6 7. g3 Nf6 8.
Bg2 O-O 9. Nxc6 bxc6 10. Bxb6 axb6 11. O-O Ra5 12. f4 Be6 13. a4 c5 14. h3 h5
15. b3 c6 16. Qe2 Re8 17. Rad1 d5 18. e5 Bf5 19. Rd2 g6 20. Qd1 Qe7 21. Kh2 Nh7
22. g4 hxg4 23. hxg4 Bc8 24. g5 Nxg5 25. Bxd5 Kg7 26. fxg5 Qxe5+ 27. Kg1 cxd5
28. Nxd5 Bh3 29. Rff2 Qg3+ 30. Kh1 Bg2+ 31. Rxg2 Re1+ 32. Qxe1 Qxe1+ 33. Kh2
Ra8 34. Rdf2 Rh8+ 35. Kg3 Qe5+ 36. Nf4 Qxg5+ 37. Kf3 Qf5 38. Ke3 Qe5+ 39. Kd2
Re8 40. Nd3 Qe3+ 41. Kd1 Rd8 42. Rd2 Rh8 43. Kc1 Qd4 44. Rd1 c4 45. bxc4 Qxc4
46. Nb2 Qa2 47. c3 Rh3 48. Kc2 Qa3 49. Rd3 Rxd3 50. Kxd3 Qb3 51. Kd4 f5 52. c4
Kf6 53. a5 bxa5 54. c5 Qf3 55. Rc2 Qe4+ 56. Kc3 f4 57. Kb3 Qb4+ 58. Ka2 a4 59.
Rc1 a3 60. Nc4 Qxc5 61. Kb3 f3 0-1

[Event "Elekes Memorial"]
[Site "Budapest"]
[Date "1989.??.??"]
[Round "?"]
[White "Vasiukov, Evgeni"]
[Black "Zeitlein, Michael"]
[Result "0-1"]
[WhiteElo "2510"]
[BlackElo "2460"]
[PlyCount "82"]
[EventDate "1989.06.??"]
[EventType "tourn"]
[EventRounds "13"]
[EventCountry "HUN"]
[EventCategory "8"]
[SourceTitle "CBM 014"]
[Source "ChessBase"]
[SourceDate "1990.02.01"]
[SourceVersion "1"]
[SourceVersionDate "1990.02.01"]
[SourceQuality "1"]

1. e4 e5 2. Nf3 Nc6 3. Bb5 g6 4. Bxc6 dxc6 5. d3 Bg7 6. Nbd2 Nh6 7. Nc4 f6 8.
Qe2 O-O 9. h4 Be6 10. h5 g5 11. Ne3 Re8 12. Nh2 Qd7 13. Bd2 Bf8 14. Qf3 Kg7 15.
a3 Bc5 16. Rd1 Rad8 17. Qg3 Kh8 18. Nf3 Ng4 19. h6 b6 20. Nxg5 Bxe3 21. Bxe3
Nxe3 22. Qxe3 Bg4 23. Nf3 Rg8 24. Kd2 Qf7 25. Rde1 c5 26. Kc3 a5 27. Nh4 Rd4
28. f3 Bc8 29. f4 Rgd8 30. fxe5 a4 31. Qf2 Rxd3+ 32. cxd3 Qb3+ 33. Kd2 Qxb2+
34. Ke3 Rxd3+ 35. Kxd3 Qxf2 36. exf6 Ba6+ 37. Kc3 Qd4+ 38. Kc2 Bd3+ 39. Kd2
Bc4+ 40. Kc2 Bb3+ 41. Kb1 Qd3+ 0-1

[Event "Elekes Memorial"]
[Site "Budapest"]
[Date "1989.??.??"]
[Round "?"]
[White "Zeitlein, Michael"]
[Black "Danner, Georg"]
[Result "1-0"]
[WhiteElo "2460"]
[BlackElo "2400"]
[PlyCount "29"]
[EventDate "1989.06.??"]
[EventType "tourn"]
[EventRounds "13"]
[EventCountry "HUN"]
[EventCategory "8"]
[SourceTitle "CBM 014"]
[Source "ChessBase"]
[SourceDate "1990.02.01"]
[SourceVersion "1"]
[SourceVersionDate "1990.02.01"]
[SourceQuality "1"]

1. d4 d6 2. e4 g6 3. Nc3 Bg7 4. Nf3 c5 5. dxc5 Qa5 6. cxd6 Bxc3+ 7. bxc3 Nc6 8.
Bd2 exd6 9. c4 Qa3 10. Rb1 Nge7 11. Rb3 Qxa2 12. Qc1 Qa6 13. Qb2 Bg4 14. c5 b5
15. Bxb5 1-0

[Event "Elekes Memorial"]
[Site "Budapest"]
[Date "1989.??.??"]
[Round "?"]
[White "Zeitlein, Michael"]
[Black "Lutz, Christopher"]
[Result "1-0"]
[WhiteElo "2460"]
[BlackElo "2375"]
[PlyCount "51"]
[EventDate "1989.06.??"]
[EventType "tourn"]
[EventRounds "13"]
[EventCountry "HUN"]
[EventCategory "8"]
[SourceTitle "CBM 014"]
[Source "ChessBase"]
[SourceDate "1990.02.01"]
[SourceVersion "1"]
[SourceVersionDate "1990.02.01"]
[SourceQuality "1"]

1. e4 c6 2. d4 d5 3. Nc3 dxe4 4. Nxe4 Nd7 5. Bc4 Ngf6 6. Ng5 e6 7. Qe2 Nb6 8.
Bb3 h6 9. N5f3 a5 10. a4 c5 11. Bf4 Bd6 12. Bg3 O-O 13. Rd1 Nbd5 14. Ne5 cxd4
15. Ngf3 Bb4+ 16. Kf1 Nd7 17. Nxd4 Nxe5 18. Bxe5 Bd7 19. h4 Qe8 20. Nb5 f6 21.
Bg3 Rd8 22. Nc7 Qe7 23. Nxd5 exd5 24. Qxe7 Bxe7 25. Rxd5 Kh7 26. Bc7 1-0

[Event "Elekes Memorial"]
[Site "Budapest"]
[Date "1989.??.??"]
[Round "?"]
[White "Zsinka, Laszlo"]
[Black "Zeitlein, Michael"]
[Result "0-1"]
[WhiteElo "2405"]
[BlackElo "2460"]
[PlyCount "66"]
[EventDate "1989.06.??"]
[EventType "tourn"]
[EventRounds "13"]
[EventCountry "HUN"]
[EventCategory "8"]
[SourceTitle "CBM 014"]
[Source "ChessBase"]
[SourceDate "1990.02.01"]
[SourceVersion "1"]
[SourceVersionDate "1990.02.01"]
[SourceQuality "1"]

1. d4 f5 2. c4 Nf6 3. h4 g6 4. Nc3 d6 5. h5 Nxh5 6. Rxh5 gxh5 7. e4 Bg7 8.
Qxh5+ Kd7 9. Nf3 Qe8 10. Qxf5+ Kd8 11. Qg5 Qg6 12. Be3 Nc6 13. O-O-O Bg4 14.
Qb5 Rb8 15. c5 Rf8 16. d5 a6 17. Qb3 Ne5 18. Nxe5 Bxe5 19. f3 Bc8 20. Ne2 Ke8
21. f4 Bg7 22. f5 Qf6 23. cxd6 cxd6 24. Nf4 Rg8 25. Nh5 Qh4 26. Nxg7+ Rxg7 27.
Bxa6 Qxe4 28. Bb5+ Kf7 29. Bh6 Bxf5 30. Bd3 Rc8+ 31. Kb1 Rg3 32. Qc3 Rxc3 33.
Bxe4 Bxe4+ 0-1

[Event "Rubinstein Memorial 27th"]
[Site "Polanica Zdroj"]
[Date "1989.??.??"]
[Round "1"]
[White "Zeitlein, Michael"]
[Black "Stempin, Pawel"]
[Result "1-0"]
[WhiteElo "2460"]
[BlackElo "2395"]
[PlyCount "83"]
[EventDate "1989.08.??"]
[EventType "tourn"]
[EventRounds "15"]
[EventCountry "POL"]
[EventCategory "9"]
[SourceTitle "EXT 1997"]
[Source "ChessBase"]
[SourceDate "1996.11.15"]
[SourceVersion "1"]
[SourceVersionDate "1996.11.15"]
[SourceQuality "1"]

1. d4 Nf6 2. Nf3 e6 3. Bg5 h6 4. Bh4 g5 5. Bg3 Ne4 6. Nbd2 Nxg3 7. hxg3 Bg7 8.
c3 d6 9. e4 Qe7 10. Bd3 Nc6 11. Qb3 a6 12. O-O-O b5 13. Rhe1 Bd7 14. d5 Ne5 15.
Nxe5 dxe5 16. Nf1 Qc5 17. Ne3 a5 18. dxe6 fxe6 19. Be2 h5 20. Bxh5+ Rxh5 21.
Rxd7 Kxd7 22. Qd1+ Kc6 23. Qxh5 Qe7 24. Rd1 a4 25. a3 Bf6 26. Kb1 Kb6 27. Qg6
Rf8 28. Rd3 c6 29. c4 b4 30. axb4 Qxb4 31. Rc3 Ka6 32. Nc2 Qd6 33. c5 Qd2 34.
Rc4 Qd3 35. Rxa4+ Kb5 36. Rb4+ Kxc5 37. b3 Qd1+ 38. Kb2 Qd7 39. Qh5 Qd2 40. Qh7
Kd6 41. Rb7 Rd8 42. b4 1-0

[Event "Kecskemet1"]
[Site "Kecskemet"]
[Date "1990.??.??"]
[Round "?"]
[White "Zeitlein, Michael"]
[Black "Weindl, Alfred"]
[Result "1-0"]
[WhiteElo "2465"]
[BlackElo "2365"]
[PlyCount "57"]
[EventDate "1990.??.??"]
[EventType "tourn"]
[EventRounds "13"]
[EventCountry "HUN"]
[EventCategory "6"]
[SourceTitle "EXT 2004"]
[Source "ChessBase"]
[SourceDate "2003.11.25"]
[SourceVersion "1"]
[SourceVersionDate "2003.11.25"]
[SourceQuality "1"]

1. d4 Nf6 2. Bg5 g6 3. Nc3 d5 4. Qd2 Bg7 5. O-O-O c6 6. f3 b5 7. e4 b4 8. Nce2
dxe4 9. Bxf6 Bxf6 10. fxe4 Qa5 11. Kb1 O-O 12. Nf3 Na6 13. Nf4 Nc7 14. Bc4 Bg4
15. e5 Bg7 16. Nd3 Rab8 17. Qg5 Bxf3 18. gxf3 Nd5 19. Nc5 Qd8 20. e6 Bf6 21.
exf7+ Rxf7 22. Qg4 Qd6 23. Ne4 Qc7 24. Qe6 Rd8 25. Rhe1 Qd7 26. Qxd7 Rxd7 27.
Nc5 Rd6 28. Nb7 Rd7 29. Na5 1-0

[Event "Tel Aviv BIKURI"]
[Site "Tel Aviv"]
[Date "1990.??.??"]
[Round "?"]
[White "Zeitlein, Michael"]
[Black "Liss, Eran"]
[Result "1-0"]
[WhiteElo "2465"]
[BlackElo "2300"]
[PlyCount "75"]
[EventDate "1990.??.??"]
[EventType "swiss"]
[EventRounds "10"]
[EventCountry "ISR"]
[SourceTitle "EXT 2004"]
[Source "ChessBase"]
[SourceDate "2003.11.25"]
[SourceVersion "1"]
[SourceVersionDate "2003.11.25"]
[SourceQuality "1"]

1. Nf3 Nf6 2. g3 b6 3. Bg2 Bb7 4. O-O e6 5. d3 d5 6. Nbd2 c5 7. e4 Nc6 8. Re1
Be7 9. c3 Qc7 10. Nf1 d4 11. e5 Nd7 12. Bf4 O-O 13. c4 a6 14. h4 b5 15. b3 bxc4
16. bxc4 a5 17. N1h2 a4 18. Ng5 Bxg5 19. hxg5 g6 20. Ng4 Rfb8 21. Be4 Kf8 22.
Qf3 Nb4 23. Re2 Ra7 24. Bd2 Bxe4 25. Rxe4 a3 26. Nh6 Nb6 27. Bxb4 cxb4 28. Rf4
Rc8 29. Rb1 Na4 30. Rxb4 Nc3 31. Rb3 Ke8 32. Nxf7 Qxf7 33. Rxf7 Rxf7 34. Qg4
Rf5 35. Qh3 Rc7 36. Rxa3 Rxe5 37. Ra8+ Kd7 38. Qxh7+ 1-0

[Event "Budapest Spring op 06th"]
[Site "Budapest"]
[Date "1990.??.??"]
[Round "6"]
[White "Foldi, Istvan"]
[Black "Zeitlein, Michael"]
[Result "0-1"]
[WhiteElo "2350"]
[BlackElo "2465"]
[PlyCount "91"]
[EventDate "1990.03.??"]
[EventType "swiss"]
[EventRounds "9"]
[EventCountry "HUN"]
[SourceTitle "CBM 017 Extra"]
[Source "ChessBase"]
[SourceDate "1990.09.01"]
[SourceVersion "1"]
[SourceVersionDate "1990.09.01"]
[SourceQuality "1"]

1. d4 Nf6 2. c4 c5 3. d5 b5 4. cxb5 a6 5. bxa6 g6 6. g3 Nxa6 7. Bg2 d6 8. Nc3
Bg7 9. Nf3 O-O 10. O-O Bf5 11. Nh4 Bd7 12. h3 Qc7 13. e4 Nb4 14. Be3 c4 15. Qd2
Rfb8 16. Rfd1 Qc8 17. Kh2 Ba4 18. e5 dxe5 19. d6 Bxd1 20. Rxd1 exd6 21. Bxa8
Rxa8 22. Qxd6 Nd3 23. b3 Ra6 24. Bb6 Ne8 25. Qd8 Qxd8 26. Bxd8 Nxf2 27. Rd2 e4
28. Rxf2 cxb3 29. axb3 Bxc3 30. Re2 f5 31. g4 Be5+ 32. Kg2 Ng7 33. gxf5 gxf5
34. Bg5 Kf7 35. Rf2 Ke6 36. Bh6 Bf6 37. Bxg7 Bxh4 38. Re2 Rb6 39. Re3 Kd5 40.
Bf8 f4 41. Rc3 f3+ 42. Kh2 Rc6 43. Rxc6 Kxc6 44. Bh6 Kc5 45. Bd2 Kd4 46. b4 0-1

[Event "Elekes Memorial"]
[Site "Budapest"]
[Date "1990.??.??"]
[Round "2"]
[White "Zeitlein, Michael"]
[Black "Werner, Dimo"]
[Result "1-0"]
[WhiteElo "2465"]
[BlackElo "2350"]
[PlyCount "93"]
[EventDate "1990.05.??"]
[EventType "tourn"]
[EventRounds "13"]
[EventCountry "HUN"]
[EventCategory "8"]
[SourceTitle "EXT 1997"]
[Source "ChessBase"]
[SourceDate "1996.11.15"]
[SourceVersion "1"]
[SourceVersionDate "1996.11.15"]
[SourceQuality "1"]

1. e4 Nf6 2. e5 Nd5 3. d4 d6 4. Nf3 Bg4 5. Be2 c6 6. Ng5 Bf5 7. e6 Bxe6 8. Nxe6
fxe6 9. Bg4 Na6 10. Bxe6 Nac7 11. Bh3 g6 12. O-O Bg7 13. c4 Nb6 14. b3 O-O 15.
Bb2 d5 16. c5 Nd7 17. Qe2 Rf4 18. Qd2 Rh4 19. f4 e6 20. Na3 Qf6 21. Rf2 b6 22.
cxb6 axb6 23. Qe3 Qe7 24. Nc2 Nf6 25. a4 Ne4 26. Rf3 h6 27. Ba3 c5 28. Rd1 Na6
29. Qe1 Rf8 30. Bxe6+ Kh7 31. Bxd5 Rhxf4 32. Rxf4 Rxf4 33. g3 Nc7 34. Bc4 Rf6
35. dxc5 bxc5 36. Bb2 Rf2 37. Bxg7 Rxc2 38. Bd3 c4 39. Qxe4 Qxe4 40. Bxe4 Re2
41. Bb1 Kxg7 42. Rd7+ Kf8 43. Rxc7 Re1+ 44. Kg2 Rxb1 45. bxc4 Rb4 46. a5 Ra4
47. Rc6 1-0

[Event "Elekes Memorial"]
[Site "Budapest"]
[Date "1990.??.??"]
[Round "4"]
[White "Zeitlein, Michael"]
[Black "Landenbergue, Claude"]
[Result "1-0"]
[WhiteElo "2465"]
[BlackElo "2385"]
[PlyCount "53"]
[EventDate "1990.05.??"]
[EventType "tourn"]
[EventRounds "13"]
[EventCountry "HUN"]
[EventCategory "8"]
[SourceTitle "EXT 1997"]
[Source "ChessBase"]
[SourceDate "1996.11.15"]
[SourceVersion "1"]
[SourceVersionDate "1996.11.15"]
[SourceQuality "1"]

1. e4 c5 2. Nf3 Nc6 3. Bb5 d6 4. O-O Bd7 5. c3 Ne5 6. Bxd7+ Qxd7 7. d4 Nxf3+ 8.
Qxf3 e6 9. Rd1 cxd4 10. cxd4 Nf6 11. Nc3 d5 12. e5 Ng8 13. Bg5 Be7 14. Qg3 Bxg5
15. Qxg5 f6 16. Qh5+ Kf8 17. Rac1 Ne7 18. Ne2 Ng6 19. exf6 gxf6 20. Qh6+ Kf7
21. Ng3 Rag8 22. Nh5 Qe7 23. Rd3 Nf8 24. Nf4 Rg5 25. h4 Rf5 26. g4 Rg8 27. Rg3
1-0

[Event "Elekes Memorial"]
[Site "Budapest"]
[Date "1990.??.??"]
[Round "5"]
[White "Stangl, Markus"]
[Black "Zeitlein, Michael"]
[Result "0-1"]
[WhiteElo "2405"]
[BlackElo "2465"]
[PlyCount "68"]
[EventDate "1990.05.??"]
[EventType "tourn"]
[EventRounds "13"]
[EventCountry "HUN"]
[EventCategory "8"]
[SourceTitle "EXT 1997"]
[Source "ChessBase"]
[SourceDate "1996.11.15"]
[SourceVersion "1"]
[SourceVersionDate "1996.11.15"]
[SourceQuality "1"]

1. Nf3 d6 2. d4 Bg4 3. c4 g6 4. Qb3 Qc8 5. Nbd2 Bg7 6. g3 a5 7. Bg2 a4 8. Qd1
Nc6 9. d5 Ne5 10. Nxe5 Bxe5 11. Rb1 h5 12. b3 axb3 13. Qxb3 b6 14. Bb2 Bxb2 15.
Qxb2 Nf6 16. Rc1 O-O 17. Rc2 Bh3 18. O-O Ra4 19. e4 Bxg2 20. Kxg2 h4 21. Re1 e5
22. dxe6 Qxe6 23. f3 Rfa8 24. Ra1 h3+ 25. Kg1 Nd7 26. a3 Ne5 27. Qc3 f5 28.
exf5 Qxf5 29. Rb2 Nxc4 30. Nxc4 Qc5+ 31. Rf2 Rxc4 32. Qd3 Kf7 33. Re1 Re8 34.
Qf1 Rc3 0-1

[Event "Elekes Memorial"]
[Site "Budapest"]
[Date "1990.??.??"]
[Round "6"]
[White "Maus, Soenke"]
[Black "Zeitlein, Michael"]
[Result "0-1"]
[WhiteElo "2400"]
[BlackElo "2465"]
[PlyCount "68"]
[EventDate "1990.05.??"]
[EventType "tourn"]
[EventRounds "13"]
[EventCountry "HUN"]
[EventCategory "8"]
[SourceTitle "EXT 1997"]
[Source "ChessBase"]
[SourceDate "1996.11.15"]
[SourceVersion "1"]
[SourceVersionDate "1996.11.15"]
[SourceQuality "1"]

1. e4 e5 2. Nf3 Nc6 3. Bb5 g6 4. d4 exd4 5. Bg5 Be7 6. Bxe7 Qxe7 7. O-O Qb4 8.
Bxc6 dxc6 9. Qxd4 Qxd4 10. Nxd4 Bd7 11. Nc3 O-O-O 12. f4 Ne7 13. h3 Bxh3 14.
Nxc6 Nxc6 15. gxh3 Nd4 16. Rf2 f5 17. exf5 Nxf5 18. Re1 Rhe8 19. Rxe8 Rxe8 20.
Re2 Re3 21. Rxe3 Nxe3 22. Nb5 Nxc2 23. Nxa7+ Kd7 24. Nb5 Nb4 25. Kg2 Nxa2 26.
Kg3 c5 27. Kg4 Kc6 28. Na3 Nb4 29. Nc4 b5 30. Ne5+ Kd5 31. Kg5 c4 32. Ng4 Nd3
33. h4 Nxb2 34. h5 gxh5 0-1

[Event "Elekes Memorial"]
[Site "Budapest"]
[Date "1990.??.??"]
[Round "8"]
[White "Fauland, Alexander"]
[Black "Zeitlein, Michael"]
[Result "0-1"]
[WhiteElo "2480"]
[BlackElo "2465"]
[PlyCount "68"]
[EventDate "1990.05.??"]
[EventType "tourn"]
[EventRounds "13"]
[EventCountry "HUN"]
[EventCategory "8"]
[SourceTitle "EXT 1997"]
[Source "ChessBase"]
[SourceDate "1996.11.15"]
[SourceVersion "1"]
[SourceVersionDate "1996.11.15"]
[SourceQuality "1"]

1. c4 f5 2. d4 Nf6 3. g3 g6 4. Bg2 d6 5. Nf3 Bg7 6. O-O O-O 7. Nc3 Nc6 8. d5
Na5 9. Qd3 c5 10. Rb1 Ne4 11. Ng5 Nxc3 12. bxc3 Qe8 13. Rb5 b6 14. e4 a6 15.
Rxb6 Qa4 16. Ne6 Nxc4 17. Rb3 Bxe6 18. dxe6 Ne5 19. Qb1 fxe4 20. Bxe4 Rad8 21.
f4 Qc4 22. Re1 d5 23. Bg2 Nd3 24. Bf1 Nxe1 25. Bxc4 dxc4 26. Rb7 Rd1 27. Rxe7
Bxc3 28. Ra7 Nd3+ 29. Kg2 Bb2 30. a4 Rxc1 31. Qa2 Rc2+ 32. Kf3 Ne5+ 33. Ke4
Re2+ 34. Kd5 Rd8+ 0-1

[Event "Hastings Challengers 9091"]
[Site "Hastings"]
[Date "1990.??.??"]
[Round "?"]
[White "Wells, Peter K"]
[Black "Zeitlein, Michael"]
[Result "0-1"]
[WhiteElo "2415"]
[BlackElo "2510"]
[PlyCount "71"]
[EventDate "1990.12.??"]
[EventType "swiss"]
[EventRounds "10"]
[EventCountry "ENG"]
[SourceTitle "CBM 021 Extra"]
[Source "ChessBase"]
[SourceDate "1991.05.01"]
[SourceVersion "1"]
[SourceVersionDate "1991.05.01"]
[SourceQuality "1"]

1. d4 d5 2. Nf3 c5 3. c4 e6 4. cxd5 exd5 5. g3 Nc6 6. Bg2 c4 7. O-O Bb4 8. Ne5
Nge7 9. Nxc6 bxc6 10. b3 O-O 11. Bd2 a5 12. a3 Bd6 13. bxc4 dxc4 14. e4 Bc7 15.
Bc3 f5 16. d5 fxe4 17. dxc6 Qxd1 18. Rxd1 Bb6 19. Bxe4 Bxf2+ 20. Kg2 Bb6 21.
Nd2 Rf2+ 22. Kh1 Bg4 23. Nxc4 Bxd1 24. Nxb6 Rf1+ 25. Kg2 Raf8 26. c7 h5 27. Bd4
Re1 28. Rxd1 Rxd1 29. Bc5 Rd2+ 30. Kh3 Kf7 31. Bxe7 Kxe7 32. c8=Q Rxc8 33.
Nxc8+ Kf6 34. Nb6 g5 35. g4 h4 36. Nd5+ $138 0-1

[Event "Hastings Challengers 9091"]
[Site "Hastings"]
[Date "1990.??.??"]
[Round "?"]
[White "Zeitlein, Michael"]
[Black "Franklin, Michael J"]
[Result "1-0"]
[WhiteElo "2510"]
[BlackElo "2330"]
[PlyCount "51"]
[EventDate "1990.12.??"]
[EventType "swiss"]
[EventRounds "10"]
[EventCountry "ENG"]
[SourceTitle "CBM 021 Extra"]
[Source "ChessBase"]
[SourceDate "1991.05.01"]
[SourceVersion "1"]
[SourceVersionDate "1991.05.01"]
[SourceQuality "1"]

1. Nf3 Nf6 2. b3 d5 3. Bb2 e6 4. e3 Bd6 5. c4 O-O 6. Nc3 c6 7. d4 Ne4 8. Qc2 f5
9. Bd3 Nd7 10. O-O-O Ndf6 11. Kb1 Qe7 12. h3 Nxc3+ 13. Bxc3 Ne4 14. Bb2 Bd7 15.
Ne5 Be8 16. f3 Ng3 17. Rhe1 h5 18. Ka1 h4 19. cxd5 exd5 20. e4 dxe4 21. fxe4 f4
22. Nf3 Bh5 23. Qc4+ Kh8 24. Bb1 Bf7 25. d5 Bb4 26. Qd4 1-0

[Event "Hastings Challengers 9091"]
[Site "Hastings"]
[Date "1991.??.??"]
[Round "?"]
[White "Lewis, Andrew P"]
[Black "Zeitlein, Michael"]
[Result "0-1"]
[WhiteElo "2315"]
[BlackElo "2510"]
[PlyCount "70"]
[EventDate "1990.12.??"]
[EventType "swiss"]
[EventRounds "10"]
[EventCountry "ENG"]
[SourceTitle "CBM 021 Extra"]
[Source "ChessBase"]
[SourceDate "1991.05.01"]
[SourceVersion "1"]
[SourceVersionDate "1991.05.01"]
[SourceQuality "1"]

1. c4 Nf6 2. Nc3 g6 3. e4 d6 4. d4 Bg7 5. Nf3 O-O 6. Be2 Nbd7 7. O-O e5 8. Re1
c6 9. Rb1 a5 10. Bf1 Re8 11. d5 Nc5 12. b3 Bd7 13. a3 cxd5 14. cxd5 Qb8 15. Bg5
b5 16. b4 axb4 17. axb4 Na4 18. Nxa4 Rxa4 19. h3 h6 20. Bd2 Nh5 21. Bc3 Rc8 22.
Rb3 Qa7 23. Nd2 Nf4 24. Nb1 Ra2 25. Bb2 Bf6 26. Ra3 Rxa3 27. Nxa3 Bd8 28. Qf3
Qa4 29. Re3 Qxb4 30. Rb3 Qe1 31. Bc3 Rxc3 32. Rxc3 b4 33. Re3 Qc1 34. Nc4 Bb5
35. Nd2 Bb6 0-1

[Event "Krumbach op"]
[Site "Krumbach"]
[Date "1991.??.??"]
[Round "3"]
[White "Zeitlein, Michael"]
[Black "Joecks, Christian"]
[Result "1-0"]
[WhiteElo "2490"]
[BlackElo "2355"]
[PlyCount "55"]
[EventDate "1991.03.29"]
[EventType "swiss"]
[EventRounds "10"]
[EventCountry "GER"]
[SourceTitle "TD"]
[Source "ChessBase"]
[SourceDate "1994.03.01"]
[SourceVersion "1"]
[SourceVersionDate "1994.03.01"]
[SourceQuality "1"]

1. d4 f5 2. Bg5 g6 3. Nc3 Bg7 4. e4 fxe4 5. Nxe4 d5 6. Nc5 b6 7. Nb3 Nf6 8. Nf3
O-O 9. c3 Qd6 10. Be2 Nbd7 11. O-O e5 12. Bh4 Ne4 13. dxe5 Nxe5 14. Be7 Qxe7
15. Qxd5+ Nf7 16. Qxa8 Ned6 17. Qxa7 Bb7 18. Ba6 Bxf3 19. gxf3 Qh4 20. Bb7 Be5
21. Rfe1 Qh3 22. Rxe5 Nxe5 23. Bd5+ Kh8 24. Qxc7 Rf5 25. Qd8+ Kg7 26. Nd4 Nxf3+
27. Bxf3 Nf7 28. Ne6+ 1-0

[Event "Krumbach op"]
[Site "Krumbach"]
[Date "1991.??.??"]
[Round "9"]
[White "Zeitlein, Michael"]
[Black "Sinkovics, Peter"]
[Result "1-0"]
[WhiteElo "2490"]
[BlackElo "2370"]
[PlyCount "81"]
[EventDate "1991.03.29"]
[EventType "swiss"]
[EventRounds "10"]
[EventCountry "GER"]
[SourceTitle "TD"]
[Source "ChessBase"]
[SourceDate "1994.03.01"]
[SourceVersion "1"]
[SourceVersionDate "1994.03.01"]
[SourceQuality "1"]

1. e4 c5 2. Nf3 Nc6 3. Bb5 g6 4. O-O Bg7 5. Re1 Nf6 6. c3 O-O 7. h3 e5 8. Na3
d6 9. Bxc6 bxc6 10. Nc4 Be6 11. d3 Nxe4 12. Rxe4 d5 13. Re1 dxc4 14. Nxe5 cxd3
15. Nxd3 Qb6 16. Qf3 Rad8 17. Bg5 Rd5 18. h4 h6 19. Bf4 Qd8 20. Ne5 Qxh4 21.
Bg3 Qa4 22. b3 Qa6 23. c4 Rd2 24. Nxg6 Re8 25. Ne5 Rxa2 26. Rad1 Rb2 27. Ng4
Kh8 28. Nf6 Rxb3 29. Qxb3 Bxf6 30. Be5 Bxe5 31. Rxe5 Rg8 32. Qb2 Qb6 33. Qa1
Kh7 34. Rxe6 fxe6 35. Rd7+ Kg6 36. Qd1 Qb8 37. Qd3+ Kg5 38. Rf7 Qe5 39. f4+
Qxf4 40. Rxf4 Kxf4 41. Qd6+ 1-0

[Event "Krumbach op"]
[Site "Krumbach"]
[Date "1991.??.??"]
[Round "10"]
[White "Krasenkow, Michal"]
[Black "Zeitlein, Michael"]
[Result "0-1"]
[WhiteElo "2570"]
[BlackElo "2490"]
[PlyCount "96"]
[EventDate "1991.03.29"]
[EventType "swiss"]
[EventRounds "10"]
[EventCountry "GER"]
[SourceTitle "TD"]
[Source "ChessBase"]
[SourceDate "1994.03.01"]
[SourceVersion "1"]
[SourceVersionDate "1994.03.01"]
[SourceQuality "1"]

1. d4 f5 2. Nc3 Nf6 3. Bg5 d5 4. Bxf6 exf6 5. e3 c6 6. Bd3 Qb6 7. a3 Bd6 8.
Nge2 Be6 9. Na4 Qa5+ 10. c3 Nd7 11. b4 Qd8 12. Nc5 Nxc5 13. dxc5 Be5 14. f4 Bc7
15. Nd4 Qe7 16. Qf3 g6 17. h3 Bd7 18. g4 fxg4 19. hxg4 O-O-O 20. Kd2 Rde8 21.
Rh6 Rhg8 22. Rah1 Rg7 23. Qh3 b6 24. Ba6+ Kd8 25. cxb6 Bxb6 26. Nc2 c5 27. Rd1
Ba4 28. Kc1 Kc7 29. Qh1 Qe4 30. Qxe4 dxe4 31. Rd2 cxb4 32. cxb4 Rd8 33. Nd4
Bxd4 34. Rxd4 Rxd4 35. exd4 Kb6 36. Be2 e3 37. Kb2 Rc7 38. Bd3 Re7 39. Rh1 e2
40. Re1 Re3 41. Bc2 Bb5 42. a4 Bc4 43. f5 gxf5 44. Bxf5 Rf3 45. Kc2 h5 46. Kd2
h4 47. d5 Rf1 48. d6 Kc6 0-1

[Event "Rimavska Sobota"]
[Site "Rimavska Sobota"]
[Date "1991.??.??"]
[Round "1"]
[White "Zeitlein, Michael"]
[Black "Molnar, Vojtech"]
[Result "1-0"]
[WhiteElo "2490"]
[BlackElo "2300"]
[PlyCount "77"]
[EventDate "1991.05.??"]
[EventType "tourn"]
[EventRounds "13"]
[EventCountry "CSR"]
[EventCategory "9"]
[SourceTitle "CBM 024"]
[Source "ChessBase"]
[SourceDate "1991.10.01"]
[SourceVersion "1"]
[SourceVersionDate "1991.10.01"]
[SourceQuality "1"]

1. d4 e6 2. Nf3 f5 3. g3 Nf6 4. Bg2 d5 5. O-O c6 6. c4 Bd6 7. Qc2 O-O 8. Bg5 h6
9. Bxf6 Qxf6 10. Nbd2 Nd7 11. Rab1 g5 12. e3 Rf7 13. b4 Nf8 14. b5 Bd7 15. bxc6
Bxc6 16. Rfc1 Ng6 17. cxd5 exd5 18. Nb3 h5 19. Na5 Rc7 20. Nxc6 bxc6 21. Qa4
Ne7 22. Qa6 h4 23. Rb7 hxg3 24. hxg3 Rf8 25. Rxc7 Bxc7 26. Qxa7 Bd6 27. Qd7 Ra8
28. Ra1 g4 29. Ne1 c5 30. Nc2 cxd4 31. Nxd4 Kf7 32. a4 Ra5 33. Rd1 Rc5 34. Nb5
Be5 35. Bxd5+ Kg6 36. Bg2 Rc2 37. Nd4 Ra2 38. Nc6 Bxg3 39. Nxe7+ 1-0

[Event "Bagneux op"]
[Site "Bagneux"]
[Date "1991.??.??"]
[Round "?"]
[White "Zeitlein, Michael"]
[Black "Kovacs, Laszlo M"]
[Result "1-0"]
[WhiteElo "2480"]
[BlackElo "2345"]
[PlyCount "79"]
[EventDate "1991.07.??"]
[EventType "swiss"]
[EventRounds "9"]
[EventCountry "FRA"]
[SourceTitle "EXT 2004"]
[Source "ChessBase"]
[SourceDate "2003.11.25"]
[SourceVersion "1"]
[SourceVersionDate "2003.11.25"]
[SourceQuality "1"]

1. e4 e5 2. Nc3 Nf6 3. g3 Bc5 4. Bg2 d6 5. Na4 Bg4 6. Ne2 Nc6 7. h3 Be6 8. d3
a6 9. Nxc5 dxc5 10. b3 Qd6 11. f4 O-O-O 12. O-O h6 13. Be3 b6 14. Qe1 Ng8 15.
fxe5 Nxe5 16. a4 a5 17. Rd1 Ne7 18. Qc3 N7c6 19. d4 cxd4 20. Nxd4 Qb4 21. Qa1
g5 22. Nxc6 Nxc6 23. Qf6 Qe7 24. Rxd8+ Qxd8 25. Qc3 Kb7 26. e5 Qe8 27. Rd1 Rg8
28. Rd8 Qxd8 29. Qxc6+ Kc8 30. Bxb6 Bf5 31. Qf3 Bh7 32. Qb7+ Kd7 33. Bxa5 Rg6
34. Qb5+ Ke7 35. Bb4+ c5 36. Qxc5+ Kd7 37. Qb5+ Ke6 38. Qc6+ Kf5 39. Be4+ Kxe5
40. Bc3+ 1-0